Approaches and frameworks for HCI research
Wedi'i Gadw mewn:
| Prif Awdur: | |
|---|---|
| Fformat: | Llyfr |
| Cyhoeddwyd: |
cup
|
| Tagiau: |
Dim Tagiau, Byddwch y cyntaf i dagio'r cofnod hwn!
|
MARC
| LEADER | 00000nam a2200000Ia 4500 | ||
|---|---|---|---|
| 005 | 20260515061614.0 | ||
| 100 | |a Long, John | ||
| 020 | |a 9781108719070 | ||
| 942 | |c BK | ||
| 245 | |a Approaches and frameworks for HCI research | ||
| 260 | |b cup | ||
| 999 | |c 11 |d 11 | ||
| 952 | |0 0 |1 0 |4 0 |7 0 |a ABDN |b ABDN |d 2026-05-15 |l 0 |p 000011 |r 2026-05-15 06:16:14 |w 2026-05-15 |y BK | ||